Pobreza y acción social en la historia Argentina: de la beneficencia a la seguridad social
Uloženo v:
| Hlavní autor: | |
|---|---|
| Médium: | Kniha |
| Jazyk: | španělština |
| Vydáno: |
Buenos Aires
Humanitas
1987
|
| Edice: | Colección Guidance
|
| Témata: | |
| Tagy: |
Přidat tag
Žádné tagy, Buďte první, kdo vytvoří štítek k tomuto záznamu!
|
MARC
| LEADER | 00000nam a2200000 a 4500 | ||
|---|---|---|---|
| 001 | UCY0244 | ||
| 003 | CL-VaPUC | ||
| 008 | 940719e19870000AG |||||||||||||||||spa|d | ||
| 082 | 0 | 4 | |a 361.8 |b PAS |2 21 |
| 100 | |a Passanante, María Inés |e autora |9 327875 | ||
| 245 | 1 | 0 | |a Pobreza y acción social en la historia Argentina: de la beneficencia a la seguridad social |
| 300 | |a 167 p | ||
| 942 | |c BK | ||
| 945 | |d 19940719 00:00:00 |a oaravena | ||
| 260 | |a Buenos Aires |b Humanitas |c 1987 | ||
| 650 | 0 | |a Beneficencia |9 255180 | |
| 650 | 7 | |a HISTORIA SIGLO 19 |2 CL-VaPUC |9 257187 | |
| 650 | 0 | |a Acción social |9 307836 | |
| 650 | 0 | |a Pobreza |9 258652 | |
| 651 | 0 | |a Argentina |9 254888 | |
| 583 | |a last modification |c 19940719 00:00:00 |k Rodrigo Vera | ||
| 490 | 0 | |a Colección Guidance | |
| 999 | |c 229289 |d 229287 | ||
| 952 | |0 0 |1 0 |4 0 |6 361_800000000000000_PAS_1987 |7 0 |8 A |9 230213 |a BIBGIM |b BIBGIM |d 2019-11-15 |i 2992744 |o 361.8 PAS 1987 |p 2992744 |r 2025-01-15 |w 2019-11-15 |y BK |k SSL | ||
| 952 | |0 0 |1 0 |4 0 |6 361_800000000000000_PAS_1987 |7 0 |8 A |9 230214 |a BIBGIM |b BIBGIM |d 2019-11-15 |i 2992752 |o 361.8 PAS 1987 |p 2992752 |r 2025-01-15 |w 2019-11-15 |y BK |k SSL | ||
| 952 | |0 0 |1 0 |4 0 |6 361_800000000000000_PAS_1987 |7 0 |8 A |9 230215 |a BIBGIM |b BIBGIM |d 2019-11-15 |i 2992760 |o 361.8 PAS 1987 |p 2992760 |r 2025-01-15 |w 2019-11-15 |y BK |k SSL | ||